| 000 | 01029nam a2200289 i 4500 | ||
|---|---|---|---|
| 001 | 9489 | ||
| 003 | ES-MaACL | ||
| 005 | 20250824201530.0 | ||
| 007 | t| | ||
| 008 | 931001s1993 sp ||||1| spa d | ||
| 020 | _a84-86168-76-7(F.G.S.R.) | ||
| 020 | _a84-368-0738-3(Pirámide) | ||
| 080 | _a002(46)"18" | ||
| 080 | _a070.1(46)"18" | ||
| 100 | 1 |
_aBotrel, Jean-François. _930790 |
|
| 245 | 1 | 0 |
_aLibros, prensa y lectura en la España del siglo XIX / _cJean-François Botrel ; traducción de los estudios inicialmente escritos en francés, David Torra Ferrer. |
| 260 |
_aMadrid : _bFundación Germán Sánchez Ruipérez : _bPirámide, _cD.L. 1993. |
||
| 300 |
_aIV,682 p. : _bil. ; _c22 cm. |
||
| 490 | 1 |
_aBiblioteca del libro ; _v53 |
|
| 500 | _aIndices. | ||
| 650 | 1 | 4 |
_aLibros- _zEspaña- _yS.XIX. _914433 |
| 650 | 1 | 4 |
_aPrensa- _zEspaña- _yS.XIX. _916359 |
| 700 | 1 |
_aTorra Ferrer, David. _9110706 |
|
| 830 | 0 | 0 |
_aBiblioteca del libro _v53 _9177916 |
| 852 |
_aES-MaACL _jL-16765 _bR.121541 |
||
| 999 |
_c9489 _d9489 |
||